| Tag |
First Indicator |
Second Indicator |
Subfields |
| LEADER |
00000cam a2200000 4500 |
| 001 |
in00000033676 |
| 005 |
20151007061921.0 |
| 008 |
720410r1944 nyu 00011 eng u |
| 010 |
|
|
|a 43018112
|
| 035 |
|
|
|a (OCoLC)00280062
|
| 035 |
|
|
|9 AAD3463AM
|
| 040 |
|
|
|c WSU
|d TXA
|d UtOrBLW
|
| 049 |
|
|
|a TXAM
|c [472735]
|
| 050 |
|
0 |
|a PZ3.B69796
|b Av
|
| 090 |
|
|
|a PS3503.O9357
|b A83 1944
|
| 092 |
|
|
|a 813
|b B792a
|
| 100 |
1 |
|
|a Boyle, Kay,
|d 1902-1992.
|
| 245 |
1 |
0 |
|a Avalanche /
|c a novel by Kay Boyle.
|
| 264 |
|
1 |
|a New York :
|b Simon and Schuster,
|c 1944.
|
| 300 |
|
|
|a 4 pages ., 3-209 pages, 1 unnumbered page ;
|c 22 cm.
|
| 336 |
|
|
|a text
|b txt
|2 rdacontent
|
| 337 |
|
|
|a unmediated
|b n
|2 rdamedia
|
| 338 |
|
|
|a volume
|b nc
|2 rdacarrier
|
| 500 |
|
|
|a Map on lining-papers.
|
| 500 |
|
|
|a "A somewhat shorter version ... appeared serially in the Saturday evening post."
|
| 999 |
|
|
|a MARS
|
| 999 |
f |
f |
|s 2e6a0107-74bf-3d56-95dc-442eb02b187f
|i 4896231a-372e-3c0b-ab31-d1312569d834
|t 0
|
| 952 |
f |
f |
|p ric
|a Texas A&M University
|b Rellis Campus
|c Joint Library Facility
|s JLF
|d Remote Storage
|t 0
|e PS3503.O9357 A83 1944
|h Library of Congress classification
|i unmediated -- volume
|m A14801229696
|
| 998 |
f |
f |
|a PS3503.O9357 A83 1944
|t 0
|l Remote Storage
|